| 000 | 01049nas a2200325 4500 | ||
|---|---|---|---|
| 001 | BR0102625 | ||
| 003 | BR-BrBNA | ||
| 005 | 20231205102246.0 | ||
| 007 | ta | ||
| 008 | 230509b bl.|||p| |||| 00| 00por d | ||
| 040 |
_aBR-BrBNA _bpor _cBiblioteca Nacional de Agricultura |
||
| 041 | _a(Pt) | ||
| 072 | _aL02; Q52 | ||
| 100 | 1 | _aItavo, L.C.V. | |
| 100 | 1 | _aSantos, G.T. dos | |
| 100 | 1 | _aJobim, C.C. | |
| 100 | 1 | _aVoltolini, T.V. | |
| 100 | 1 | _aFerreira, C.C.B. | |
| 245 | 1 | _aAvaliacao da silagem de bagaco de laranja com diferentes aditivos por intermedio dos parametros de fermentacao ruminal de ovinos e contribuicao energetica dos acidos graxos volateis | |
| 650 | _aOvino | ||
| 650 | _aSilagem | ||
| 650 | _aLaranja | ||
| 650 | _aAditivo | ||
| 650 | _aNutricao Animal | ||
| 650 | _aFermentacao | ||
| 650 | _aAcido Graxo Volatil | ||
| 773 | 0 |
_tRevista Brasileira de Zootecnia (Brazil) _xISSN 1516-3598 _g(Sep-Oct 2000), v. 29(5) p. 1491-1497 _wBR0102625 |
|
| 909 |
_a202311 _bLúcia _c55 _dLúcia Elande |
||
| 942 |
_2AGRIS _n0 _cANA |
||
| 999 |
_c166611 _d166611 |
||